| 000 | 00624nam a22001337a 4500 | ||
|---|---|---|---|
| 040 | _cRUA | ||
| 082 | _aGRS HIN 2011 B542 Or.1 | ||
| 100 | _aHIN SOPHEAKDEY; ហ៊ិន សុភក្ដី | ||
| 245 | _aEffectiveness of lime to the development of straw mushroom spawns, ឥទ្ធិពលនៃបរិមាណកំបោរលើការលូតលាស់នៃមេទីពីរបស់ផ្សិតចំបើង | ||
| 260 |
_aPhnom Penh _bHIN _c2011 |
||
| 300 |
_aviii,29cm. _bill. _c29cm. |
||
| 856 | _uhttps://drive.google.com/file/d/1sbLwO5k_sLmY-MBUKhWvPjhkafqSsHf1/view?usp=sharing | ||
| 942 | _cGRS | ||
| 999 |
_c11013 _d11013 |
||